<?xml version="1.0" encoding="UTF-8"?>
<record
    xmlns:xsi="http://www.w3.org/2001/XMLSchema-instance"
    xsi:schemaLocation="http://www.loc.gov/MARC21/slim http://www.loc.gov/standards/marcxml/schema/MARC21slim.xsd"
    xmlns="http://www.loc.gov/MARC21/slim">

  <leader>01027aab a2200193 i 4500</leader>
  <controlfield tag="001">768714001</controlfield>
  <controlfield tag="003">CO-MdFUSB</controlfield>
  <controlfield tag="005">20250730101434.0</controlfield>
  <controlfield tag="008">250730t1988    ag ||||| |||| 00| 0 spa d</controlfield>
  <datafield tag="040" ind1=" " ind2=" ">
    <subfield code="b">spa</subfield>
    <subfield code="c">CO-MdFUSB</subfield>
  </datafield>
  <datafield tag="245" ind1="1" ind2="0">
    <subfield code="a">El I Congreso Misionero Ibero-Am&#xE9;ricano &#xBF;"Si" o "No"?</subfield>
  </datafield>
  <datafield tag="300" ind1=" " ind2=" ">
    <subfield code="a">Volumen 7, n&#xFA;mero 2 (junio, 1988), p&#xE1;ginas: 31</subfield>
    <subfield code="c">; 27 cm</subfield>
  </datafield>
  <datafield tag="520" ind1=" " ind2=" ">
    <subfield code="a">El Congreso Misionero Iberoamericano (COMIBAM), realizado en Brasil en 1987, reuni&#xF3; a miles de delegados con un fuerte enfoque en las misiones. Aunque encendi&#xF3; el entusiasmo evangelizador, se critic&#xF3; su visi&#xF3;n reducida de la misi&#xF3;n como solo "salir a predicar". El texto llama a una misi&#xF3;n integral que incluya servicio, ense&#xF1;anza y restauraci&#xF3;n del ser humano en su contexto, m&#xE1;s all&#xE1; del simple proselitismo.</subfield>
  </datafield>
  <datafield tag="650" ind1=" " ind2=" ">
    <subfield code="v">Evangelizaci&#xF3;n</subfield>
  </datafield>
  <datafield tag="650" ind1=" " ind2="0">
    <subfield code="a">Vida cristiana</subfield>
    <subfield code="9">19</subfield>
  </datafield>
  <datafield tag="773" ind1="0" ind2=" ">
    <subfield code="t">Iglesia y Misi&#xF3;n</subfield>
    <subfield code="0">49402</subfield>
    <subfield code="9">59672</subfield>
    <subfield code="g">Volumen 7, n&#xFA;mero 4 (diciembre, 1988), p&#xE1;ginas: 33 - 38</subfield>
    <subfield code="q">p&#xE1;ginas: 33</subfield>
  </datafield>
  <datafield tag="942" ind1=" " ind2=" ">
    <subfield code="c">ANA</subfield>
  </datafield>
  <datafield tag="945" ind1=" " ind2=" ">
    <subfield code="a">JTF-925</subfield>
  </datafield>
  <datafield tag="999" ind1=" " ind2=" ">
    <subfield code="c">51767</subfield>
    <subfield code="d">51767</subfield>
  </datafield>
</record>
